Women of Sri Lanka in statistics (Record no. 1524)

MARC details
000 -LEADER
fixed length control field 004260000a22001330004500
008 - FIXED-LENGTH DATA ELEMENTS--GENERAL INFORMATION
fixed length control field 230817t ||||| |||| 00| 0 eng d
082 ## - DEWEY DECIMAL CLASSIFICATION NUMBER
Classification number 305.4
Item number WOM
942 ## - ADDED ENTRY ELEMENTS (KOHA)
Item Type Reports
700 ## - ADDED ENTRY--PERSONAL NAME
Personal name Jaykody, Somaratne
Relator Term compiler
245 ## - TITLE STATEMENT
Title Women of Sri Lanka in statistics
260 ## - PUBLICATION, DISTRIBUTION, ETC. (IMPRINT)
Place of Publication Colombo:
Name of Publisher Ministry of Women's Affairs & Teaching Hospitals,Women's Bureau of Sri Lanka
Date of Copyright 1985
300 ## - PHYSICAL DESCRIPTION
Extent 95 p.
Physical Details tables
650 ## - SUBJECT ADDED ENTRY--TOPICAL TERM
Topical Term STATISTICS-female-Sri Lanka
Holdings
Withdrawn status Lost status Source of classification or shelving scheme Damaged status Not for loan Permanent location Current location Date acquired Total Checkouts Full call number Barcode Date last seen Price effective from Koha item type
    Dewey Decimal Classification     Resource center, Muslim Women's Research And Action Forum Resource center, Muslim Women's Research And Action Forum 2023-08-17   305.4 WOM RAF4260 2023-08-17 2023-08-17 Reports

Copyright © 2023 Muslim Women's Research and Action Forum (MWRAF), No 27/3, Anderson Road, Kalubowila, Dehiwela. Funded by The Asia Fundation